000 00992nam a2200277 4500
005 20250716083911.0
020 _a9781111823450
_cTZS 517,481/=
020 _a9781133591023
020 _a 1133591027
040 _aMUL
_beng.
_eAARC
082 _a657 WEI
100 _aWeil, Roman L.
245 _aFinancial accounting :
_ban introduction to concepts methods and uses
_c/Roman L. Weil (Author), Katherine Schipper (Author) and Jennifer Francis (Author)
250 _a14th ed.
260 _aMason:
_bSouth-Western Cengage Learning,
_cc 2012.
300 _axvii, 845 p. :
_bcol. ill. ;
_c28 cm.
500 _aStudent solutions manual for use with Financial accounting : an introduction to concepts methods and uses, fourteenth edition
504 _aIncludes indexes p. 832- p. 845
546 _aeng.
650 _a Accounting
650 _aFinancial statement
650 _aBusiness accounting
700 _a Schipper, Katherine
700 _aFrancis, Jennifer
942 _cBK
999 _c11093
_d11093